000 00903nam a22003137a 4500
003 CHAP
005 20220329140316.0
008 971013s1978 r 00010 d
010 _a50149
011 _a51121
035 _a55271
040 _cCHAP
082 _a574.5
_bP53 1978
100 0 0 _aPianka, Eric R.
_987940
245 _aEvolutionary ecology
250 _a2 ed.
260 _aNew York :
_bHarper & Row,
_c1978
300 _a397 p.
_b: gráfs.
504 _aBibliografía, pp. 333-370.
590 _aBATCH-UPD
_b10
_c20130110
_lUCH01
_h1804
590 _aBATCH-UPD
_b10
_c20130410
_lUCH01
_h1139
590 _aBATCH-UPD
_b10
_c20130914
_lUCH01
_h1228
590 _aCONVERSION
_b10
_c20130109
_lUCH01
_h1327
650 1 4 _aEcología.
_935134
650 1 4 _aEvolución.
_939007
901 _aBK
942 _cLIBRO
949 _a574.5 P53 1978
_bBC
_cLIBRO
_d-121379
_eLIBRO
_h45017
_i55271
_si
_t466.00
999 _c50149
_d50149